00581nam a2200157Ia 4500008004100000041001200041082001900053100002700072245007700099260002100176300001300197650001700210942000700227999001900234952017000253231217s9999 xx 000 0 und d aEnglish a621.312 KIM.2 aKimbark, Edward Wilson 0aPower system stability V.2: Power circuit breakers and protective relays c1950bJohn Wiley aviii+288 aPower system cAA c162062d162062 r2024-01-26 00:00:00l0o621.312 KIM.2p4041v137.50w2024-01-26yAA1040708CL00aMLbMLd1991-08-14eWiley Easterng5.00EECK30900L10/04/1993GUSDF27.5V0W0